[Event "Sundsvall op"]
[Site "Sundsvall"]
[Date "2020.01.05"]
[Round "6"]
[White "Stromberg, Victoria"]
[Black "Ornmark, Lucas"]
[Result "1-0"]
[WhiteElo "1237"]
[BlackElo "1141"]
[PlyCount "53"]
[EventDate "2020.01.04"]
[EventType "swiss"]
[EventRounds "8"]
[EventCountry "SWE"]
[SourceTitle "EXT 2021"]
[Source "ChessBase"]
[SourceDate "2020.10.23"]
[SourceVersion "1"]
[SourceVersionDate "2020.10.23"]
[SourceQuality "1"]

1. d4 Nf6 2. Bf4 g6 3. e3 Bg7 4. Bd3 0-0 5. Nf3 d5 6. 0-0 e6 7. Nbd2 b6 8. h3 c5 9. c3 Nbd7 10. e4 dxe4 11. Nxe4 Bb7 12. Re1 cxd4 13. cxd4 Nd5 14. Bh2 N7f6 15. Nd6 Bc6 16. Bb5 Bxb5 17. Nxb5 Qd7 18. Nd6 Ne8 19. Ne4 Ndf6 20. Rc1 Nxe4 21. Rxe4 Nf6 22. Re1 Rac8 23. Ne5 Rxc1 24. Qxc1 Qxd4 25. Rd1 Qe4 26. Nc6 Rc8 27. Ne7+ 1-0